The technique and spirit of fugue: an historical study
Guardat en:
| Autor principal: | |
|---|---|
| Format: | Llibre |
| Idioma: | anglès |
| Publicat: |
Londres
Oxford University
1948
|
| Matèries: | |
| Etiquetes: |
Afegir etiqueta
Sense etiquetes, Sigues el primer a etiquetar aquest registre!
|
MARC
| LEADER | 00000nam a2200000 a 4500 | ||
|---|---|---|---|
| 001 | UCN2682 | ||
| 003 | CL-VaPUC | ||
| 008 | 010531e19480000UK |||||||||||||||||eng|d | ||
| 082 | 0 | 4 | |a 784.187209 |b OLD |2 21 |
| 100 | 0 | |a Oldroyd, George |e author |9 458795 | |
| 245 | 1 | 4 | |a The technique and spirit of fugue: an historical study |
| 300 | |a 220 p | ||
| 942 | |c BK | ||
| 945 | |d 20010531 00:00:00 |a crobeson | ||
| 260 | |a Londres |b Oxford University |c 1948 | ||
| 650 | 7 | |a FUGAS |2 CL-VaPUC |9 458796 | |
| 650 | 0 | |a Formas musicales |9 306416 | |
| 650 | 0 | |a Contrapunto |9 306432 | |
| 650 | 0 | |a Polifonía |9 327335 | |
| 650 | 0 | |a Elementos musicales |9 306544 | |
| 650 | 0 | |a Teoría musical |9 265760 | |
| 650 | 7 | |a MUSICA HISTORIA |2 CL-VaPUC |9 306301 | |
| 583 | |a last modification |c 20010531 00:00:00 |k Rodrigo Vera | ||
| 999 | |c 295737 |d 295735 | ||
| 952 | |0 0 |1 0 |4 0 |6 784_187209000000000_OLD_1948 |7 0 |8 A |9 349066 |a BIBEDU |b BIBEDU |d 2019-11-20 |i 1185276 |o 784.187209 OLD 1948 |p 1185276 |r 2023-01-12 |w 2019-11-20 |y BK |k MUS | ||